Statistics for Name the Kanto Pokémon in Order

Click here to take the quiz!

General Stats

  • This quiz has been taken 297 times
  • The average score is 105 of 151

Answer Stats

NumberPokémon% Correct
#001Bulbasaur
100%
#002Ivysaur
100%
#003Venusaur
98%
#006Charizard
97%
#004Charmander
97%
#005Charmeleon
97%
#009Blastoise
95%
#007Squirtle
95%
#008Wartortle
95%
#010Caterpie
94%
#015Beedrill
93%
#012Butterfree
93%
#014Kakuna
93%
#011Metapod
93%
#013Weedle
93%
#018Pidgeot
91%
#017Pidgeotto
91%
#016Pidgey
91%
#022Fearow
90%
#020Raticate
90%
#019Rattata
90%
#021Spearow
90%
#025Pikachu
88%
#026Raichu
88%
#024Arbok
87%
#023Ekans
87%
#034Nidoking
84%
#031Nidoqueen
84%
#029Nidoran♀
84%
#032Nidoran ♂
84%
#030Nidorina
84%
#033Nidorino
84%
#027Sandshrew
84%
#028Sandslash
84%
#036Clefable
82%
#035Clefairy
82%
#039Jigglypuff
81%
#038Ninetales
81%
#037Vulpix
81%
#040Wigglytuff
81%
#042Golbat
79%
#041Zubat
79%
#044Gloom
77%
#043Oddish
77%
#045Vileplume
77%
#046Paras
76%
#049Venomoth
76%
#048Venonat
76%
#047Parasect
75%
#050Diglett
73%
#051Dugtrio
73%
#052Meowth
73%
#053Persian
73%
#056Mankey
71%
#057Primeape
71%
#055Golduck
70%
#054Psyduck
70%
#059Arcanine
69%
#058Growlithe
69%
#063Abra
67%
#065Alakazam
67%
#064Kadabra
67%
#068Machamp
67%
#067Machoke
67%
#066Machop
67%
#060Poliwag
67%
#061Poliwhirl
67%
#062Poliwrath
67%
#069Bellsprout
65%
#072Tentacool
65%
#073Tentacruel
65%
#071Victreebel
65%
#070Weepinbell
65%
#151Mew
64%
#150Mewtwo
64%
#148Dragonair
63%
#149Dragonite
63%
#147Dratini
63%
#074Geodude
63%
#076Golem
63%
#075Graveler
63%
#077Ponyta
63%
#078Rapidash
63%
#144Articuno
62%
#146Moltres
62%
#080Slowbro
62%
#079Slowpoke
62%
#145Zapdos
62%
#142Aerodactyl
61%
#132Ditto
61%
#085Dodrio
61%
#084Doduo
61%
#133Eevee
61%
#136Flareon
61%
#135Jolteon
61%
#140Kabuto
61%
#141Kabutops
61%
#138Omanyte
61%
#139Omastar
61%
#143Snorlax
61%
#134Vaporeon
61%
#091Cloyster
60%
#083Farfetch'd
60%
#092Gastly
60%
#088Grimer
60%
#093Haunter
60%
#131Lapras
60%
#089Muk
60%
#090Shellder
60%
#087Dewgong
59%
#096Drowzee
59%
#094Gengar
59%
#130Gyarados
59%
#097Hypno
59%
#129Magikarp
59%
#081Magnemite
59%
#082Magneton
59%
#095Onix
59%
#137Porygon
59%
#086Seel
59%
#128Tauros
59%
#099Kingler
58%
#098Krabby
58%
#127Pinsir
58%
#104Cubone
57%
#125Electabuzz
57%
#102Exeggcute
57%
#103Exeggutor
57%
#124Jynx
57%
#126Magmar
57%
#105Marowak
57%
#123Scyther
57%
#101Electrode
56%
#107Hitmonchan
56%
#106Hitmonlee
56%
#108Lickitung
56%
#122Mr. Mime
56%
#100Voltorb
56%
#113Chansey
55%
#118Goldeen
55%
#116Horsea
55%
#115Kangaskhan
55%
#112Rhydon
55%
#111Rhyhorn
55%
#117Seadra
55%
#119Seaking
55%
#121Starmie
55%
#120Staryu
55%
#114Tangela
55%
#109Koffing
54%
#110Weezing
54%

Score Distribution

Percentile by Number Answered

Percent of People with Each Score

Your Score History

You have not taken this quiz